Homenaje a Antonio Tovar: ofrecido por sus discípulos, colegas y amigos
Guardat en:
| Format: | Llibre |
|---|---|
| Idioma: | espanyol |
| Publicat: |
Madrid
Gredos
1972
|
| Matèries: | |
| Etiquetes: |
Afegir etiqueta
Sense etiquetes, Sigues el primer a etiquetar aquest registre!
|
MARC
| LEADER | 00000nam a2200000 a 4500 | ||
|---|---|---|---|
| 001 | UCM1026 | ||
| 003 | CL-VaPUC | ||
| 008 | 020322e19720000SP |||||||||||||||||spa|d | ||
| 082 | 0 | 4 | |a 860.9 |b HOM |2 21 |
| 245 | 1 | 0 | |a Homenaje a Antonio Tovar: ofrecido por sus discípulos, colegas y amigos |
| 300 | |a 470 p | ||
| 942 | |c BK | ||
| 945 | |d 20020322 00:00:00 |a cmena | ||
| 260 | |a Madrid |b Gredos |c 1972 | ||
| 600 | 0 | 7 | |a TOVAR, ANTONIO |2 CL-VaPUC |9 378253 |
| 650 | 7 | |a LITERATURA ESPAÑOLA - CRITICA E INTERPRETACION |2 CL-VaPUC |9 345009 | |
| 583 | |a last modification |c 20020322 00:00:00 |k Rodrigo Vera | ||
| 999 | |c 299745 |d 299743 | ||
| 952 | |0 0 |1 0 |4 0 |6 860_900000000000000_HOM_1972 |7 0 |8 A |9 356646 |a BIBEDU |b BIBEDU |d 2019-11-21 |i 3800482 |o 860.9 HOM 1972 |p 3800482 |r 2019-11-21 |w 2019-11-21 |y BK |k LIT | ||